SALT 2 a současnost
Guardado en:
| Autor principal: | |
|---|---|
| Otros Autores: | |
| Formato: | Libro |
| Lenguaje: | checo |
| Publicado: |
Praha
Naše vojsko
1986
|
| Edición: | 1. vyd. |
| Etiquetas: |
Sin Etiquetas, Sea el primero en etiquetar este registro!
|
MARC
| LEADER | 00000nam a2200000 4500 | ||
|---|---|---|---|
| 001 | c026019 | ||
| 005 | 20221220074130.6 | ||
| 041 | 0 | |a cze | |
| 044 | |a CZ | ||
| 245 | 1 | 0 | |a SALT 2 a současnost |c Zdeněk Procházka, Antonín Mikulín |
| 250 | |a 1. vyd. | ||
| 264 | 1 | |a Praha |b Naše vojsko |c 1986 | |
| 300 | |a 57 s. | ||
| 100 | 1 | |a Procházka, Zdeněk | |
| 700 | 1 | |a Mikulín, Antonín | |